000 00969nam2a2200241 4500
001 RU\NLR\BIBL_A\022728475
005 20260308044748.0
035 _a(NLR Aleph) 022728475
090 _a13556649
_c13556649
100 _a20260216d1930 u y0rusy50 ca
101 0 _arus
102 _aRU
105 _ay ba 000yy
200 0 _a... с 1 по 15 мая 1930 г.
210 _d1930
215 _a6 с.
461 0 _1001RU\NLR\BIBL_A\022734491
_12001#$aСписок изданий, выпущенных Госиздатом в Москве ...$v... с 1 по 15 мая 1930 г.
_913556747
_aГосударственное издательство РСФСР
_c[Москва
_d1930]
_nб. и.
_tСписок изданий, выпущенных Госиздатом в Москве ...
_v... с 1 по 15 мая 1930 г.
852 _aNLR
_j671/Г-72
942 _cUNSPEC
980 _aNB